00383nam a2200169Ia 4500008004100000020001800041245002400059245001400083260001500097260001600112260000900128300001400137300002500151300001000176500000800186999001900194170705s9999 xx 000 0 und d a9780439574334 aTeddy's snowy day / cIan Beck. aNew York : bScholastic, c1998 aunpaged : bcolor illustration ; c26cm. a310 c335505d335505